La Porta A'pinti E il quartiere degliartisti

Сохранить в:
Библиографические подробности
Главный автор: Vittorio Corti
Формат:
Язык:неизвестный язык
Опубликовано: Giorgio Gambi
Метки: Добавить метку
Нет меток, Требуется 1-ая метка записи!

MARC

LEADER 00000nam a2200000Ia 4500
001 R-998
003 CODICE-MESSINA
005 20260212102500.0
008 260211s9999 xx 000 0 und d
040 |c importazione_messina 
100 |a Vittorio Corti 
245 0 |a La Porta A'pinti 
245 0 |b E il quartiere degliartisti 
260 |b Giorgio Gambi 
942 |2 ddc  |c BK 
952 |0 0  |1 0  |2 ddc  |4 0  |6 SCAFFALE_10_000000000000000__ROMANZI  |7 0  |9 31827  |a ME  |b ME  |d 2026-02-11  |l 0  |o SCAFFALE 10 - ROMANZI  |p R-998  |r 2026-02-11 23:52:48  |w 2026-02-11  |x [REVISIONARE]  |y BK 
999 |c 27492  |d 27492